Để tiếng việt ngày càng trong sáng
Shranjeno v:
| Glavni avtor: | |
|---|---|
| Format: | Knjiga |
| Jezik: | Undetermined |
| Izdano: |
Hà Nội
Văn Học
2007
|
| Teme: | |
| Oznake: |
Označite
Brez oznak, prvi označite!
|
| Thư viện lưu trữ: | Trung tâm Học liệu Trường Đại học Cần Thơ |
|---|
| LEADER | 00572nam a2200193Ia 4500 | ||
|---|---|---|---|
| 001 | CTU_127996 | ||
| 008 | 210402s9999 xx 000 0 und d | ||
| 020 | |c 19000 | ||
| 082 | |a 495.922 | ||
| 082 | |b L305 | ||
| 100 | |a Phan, Hồng Liên | ||
| 245 | 0 | |a Để tiếng việt ngày càng trong sáng | |
| 245 | 0 | |c Phan Hồng Liên | |
| 260 | |a Hà Nội | ||
| 260 | |b Văn Học | ||
| 260 | |c 2007 | ||
| 650 | |a Vietnamese language,Ngôn ngữ tiếng Việt | ||
| 904 | |i Tuyến | ||
| 980 | |a Trung tâm Học liệu Trường Đại học Cần Thơ | ||